Statistiques concernant 3 clubs, 1 joueur #2

Cliquez ici pour prendre le quiz!

Statistiques générales

  • Ce quiz a été pris 316 fois
  • Le résultat moyen est 9 sur 13

Statistiques - réponses

ClubsNationalitéJoueur% Correct
Sporting, United, JuventusPortugaisCristiano Ronaldo
98%
Dynamo Zagreb, Tottenham, Real MadridCroateLuka Modrić
97%
Hull City, Rennes, Girondins de BordeauxFrançaisHatem Ben Arfa
93%
FC Séville, Real Madrid, PSGEspagnolSergio Ramos
87%
Naples, PSG, ValenceUruguayenEdinson Cavani
82%
PSG, FC Batcelone, AC MilanBrésilienRonaldinho
80%
FC Porto, Real Madrid, Manchester UnitedBréslilienCasemiro
63%
FC Barcelone, Bayern Munich, LiverpoolEspagnolThiago Alcântara
60%
Schalke 04, Manchester City, Bayern MunichAllemandLeroy Sané
59%
Inter Milan, AC Milan, JuventusItalienAndrea Pirlo
48%
Anderlecht, Porto, Olympique de MarseilleCongolaisChancel Mbemba
47%
Huracan, PSG, AS RomeArgentinJavier Pastore
47%
Levante U.D, Real Madrid, PSGCostaricienKaylor Navas
10%

Distribution des résultats

Percentile par nombre de réponses

% des personnes avec chaque résultat

Votre développement - résultats

Vous n’avez pas pris ce quiz